| 000 | 01426nam a2200361 c 4500 | ||
|---|---|---|---|
| 003 | BLK | ||
| 005 | 20230323155915.0 | ||
| 008 | 180412b bul|||||r ||||||| ||bul|| | ||
| 010 | _aKNG00010424000 | ||
| 020 |
_a954-426-082-4 _bиздат.: Анубис |
||
| 040 | _aBLK | ||
| 041 |
_aBUL _cBUL |
||
| 080 |
_aТеория и философия на историята. Морфология на историята _b930.1 _x _z930.1 |
||
| 080 |
_aИстория на цивилизацията. История на културата _b930.85 _x _z930.85 |
||
| 100 | 1 |
_aМутафчиев, Петър Стоянов _9410369 |
|
| 139 |
_aМутафчиев, Петър Стоянов _bМ 96 |
||
| 245 | 1 | 0 |
_aЛекции по история на културата _cПетър Стоянов Мутафчиев. |
| 257 | _aBGR | ||
| 260 |
_аСофия _bАнубис _c1995 |
||
| 300 |
_a253 с. _c21 см |
||
| 380 | _a9 | ||
| 490 | 1 | _aИсторически етюди | |
| 500 | _aИменен показалец | ||
| 650 | 4 |
_aКултура - теория и история _9254058 |
|
| 650 | 4 |
_aИстория - теория и философия _9242501 |
|
| 653 | _aлекции | ||
| 653 | _aистория | ||
| 852 | _aЦб 184572 | ||
| 856 | 4 |
_qpdf _u |
|
| 856 | 4 |
_qpdf _u |
|
| 942 |
_cKNG _n0 |
||
| 944 |
_aCR _c15.01.2003 _kСимона_Петрова |
||
| 944 |
_aED _c28.08.2015 _kГеновева_Генчева |
||
| 999 |
_c9029 _d9029 |
||